000 00431nam a2200193Ia 4500
005 20240823030849.0
008 240823s9999||||xx |||||||||||||| ||und||
041 _aENGLISH
082 _A621.388 N2
100 _aAnokh Singh
245 0 _aTelevision
250 _a1st
260 _c1992
_b"TMH,New Delhi"
500 _aYES
650 _aTelevision
_bElectronics
700 _a Chhabra A K
942 _cBK
999 _c189707
_d189707